00233nam a2200097Ia 4500100003500000654001400035245002200049260004000071082001200111546001200123 aNational Productivity Council  aInventory aInventory Control bNational Productivity Councilc2001 a658.787 aENGLISH